000 00605nam a2200241 a 4500
001 nice12345678
003 IN_TiNIC
005 20260116013644.0
008 050524s1983 isla grp 000 0 eng
020 _a
_c720
082 0 0 _a725.2
_bKHA
100 _aKhan, Ahmed Nabi
245 _aMultan
_b History and Architecture
260 _aIslamabad
_bInst.Of Islamic History, Culture
_c1983
300 _a390p
500 _aincludes index and biblioraphy
505 2 _aIndex
650 _aArchitecture-Islamic
700 1 _aKhan, Ahmed Nabi
902 _bRHR
942 _cBK
999 _c11832
_d11832